Energía nuclear : una necesidad para el desarrollo /

Guardado en:
Autor Corporativo: Comisión nacional de energía atómica
Formato: Libro
Idioma:Spanish
Publicado: Buenos Aires : Comisión nacional de energía atómica, 1979.
Etiquetas: Agregar Etiqueta
Sin Etiquetas, Sea el primero en etiquetar este registro!
LEADER 00560nam a22001455a 4500
001 EUN.um025813
003 AR-BaUNS
005 20050623122903.0
008 041125s1979####ag#a##########000#0#spa#d
245 1 0 |a Energía nuclear :  |b una necesidad para el desarrollo /  |c Comisión nacional de energía atómica. 
260 |a Buenos Aires :  |b Comisión nacional de energía atómica,  |c 1979. 
300 |a 24 p. :  |b ilus. ;  |c 26 cm. 
082 0 4 |a 539.76982 
110 2 |a Comisión nacional de energía atómica  |c Argentina. 
859 |a Ar-BaUNS  |b BIB. CENTRAL - Sector C  |h 539.76982  |i Ar37  |p 82243/979